Dynamic Figure Drawing: (Record no. 2273)

000 -LEADER
fixed length control field 00331nam a2200133Ia 4500
008 - FIXED-LENGTH DATA ELEMENTS--GENERAL INFORMATION
fixed length control field 180730s9999||||xx |||||||||||||| ||und||
020 ## - INTERNATIONAL STANDARD BOOK NUMBER
International Standard Book Number 9.7808230158e+012
082 ## - DEWEY DECIMAL CLASSIFICATION NUMBER
Classification number 740
Item number HOG/D
100 ## - MAIN ENTRY--PERSONAL NAME
Personal name Hogarth, Burne
245 #0 - TITLE STATEMENT
Title Dynamic Figure Drawing:
260 ## - PUBLICATION, DISTRIBUTION, ETC.
Place of publication, distribution, etc. New yark
Name of publisher, distributor, etc. Watson/Guptill Pub.
Date of publication, distribution, etc. 2002
300 ## - PHYSICAL DESCRIPTION
Extent 176p.
942 ## - ADDED ENTRY ELEMENTS (KOHA)
Institution code [OBSOLETE] BK
Holdings
Withdrawn status Lost status Damaged status Not for loan Collection code Permanent Location Current Location Date acquired Cost, normal purchase price Total Checkouts Full call number Barcode Date last seen Date last checked out Price effective from Koha item type
        School of Animation (Noida) MUIT-NOIDA MUIT-NOIDA 2018-07-30 1179.00 1 740 HOG/D ANM00322 2022-09-20 2022-09-13 2018-07-30 Book

All Rights Reserved@MUIT

Powered by Koha